| 000 | 00552nam a2200193Ia 4500 | ||
|---|---|---|---|
| 005 | 20250326143126.0 | ||
| 008 | 250326s9999 xx 000 0 und d | ||
| 020 | _a0-631-22587-0 | ||
| 037 | _aTextbook | ||
| 040 |
_aFMSL _beng _cFMSL |
||
| 041 |
_aeng _2eng |
||
| 084 |
_aX:958 P0 _qFMSL |
||
| 100 |
_aHolmlund B _9747170 |
||
| 245 | 0 |
_aSocial security in the 21st century _cHolmlund B; Sandmo A |
|
| 260 |
_aUnited Kingdom _bUnited Kingdom, Blackwell _c2000 |
||
| 300 | _a213p | ||
| 942 |
_cTB _hX:958 P0 |
||
| 999 |
_c1298208 _d1298208 |
||